Statistics for The Largest...

Click here to take the quiz!

General Stats

  • This quiz has been taken 26 times
    (6 since last reset)
  • The average score is 12 of 19

Answer Stats

HintAnswer% Correct
The largest country by populationChina
100%
Largest continentAsia
83%
Largest animalBlue Whale
83%
Largest IslandGreenland
83%
The largest planet in our solar systemJupiter
83%
The largest city in the United States by populationNew York
83%
The largest oceanPacific
83%
The largest country by square milesRussia
83%
Largest desertSahara
83%
Largest nuclear disasterChernobyl
67%
Largest birdOstrich
67%
Largest organ in the human bodySkin
67%
The largest lake by surface areaCaspian Sea
50%
Largest city in the world by populationShanghai, China
50%
Largest Sea-birdAlbatross
33%
Largest DamThree Gorges
33%
The largest seaCoral Sea
17%
Largest known planet in the universeKepler-39b
17%
Largest library in the WorldUnited State Library of Congress
0%

Score Distribution

Percentile by Number Answered

Percent of People with Each Score

Your Score History

You have not taken this quiz since the last reset